| 000 | 00342nam a22001337a 4500 | ||
|---|---|---|---|
| 020 | _a0-471-05840-8 | ||
| 082 | _a621.381 SPR'I | ||
| 100 |
_aSPROTT, J. C _975294 |
||
| 245 | _aINTRODUCTION TO MODERN ELECTRONICS | ||
| 260 |
_aNEWYORK _bJOHN WILEY _c1981 |
||
| 300 | _a349P | ||
| 650 |
_aELECTRONICS ELECTRONICS CIRCUITS _975295 |
||
| 942 | _cBK | ||
| 999 |
_c580741 _d580741 |
||